000 01160nam a2200289 i 4500
003 EG-GICUC
005 20260310013916.0
008 260310s1900 ua ||||fr|||| 00| 0 ara d
040 _a EG-GICUC
_bara
_c EG-GICUC
_d EG-GICUC
_erda
041 0 _aara
082 0 4 _221
_a345.81
_bح س . م
092 0 4 _221
099 _aLaw1 345.81 ح س . م 1900
100 0 _aحسین درویش
_eمؤلف.
245 1 0 _aملحق شرح قانون مجلس الدولة المعدل بالقانون رقم ١٦ لسنة ١٩٦٩ :
_bمع قانون المحكمة العليا و قانون المجلس الأعلى للهيئات القضائية /
_cحسین درویش.
264 1 _aالقاهرة :
_bعالم الكتب،
_c[1900].
300 _a43 صفحة؛
_c24 سم.
336 _2rda content
_atext
337 _2rda media
_aComputer
338 _2rda carrier
_aOnline Resource
504 _aيشتمل على إرجاعات ببليوجرافية.
650 1 4 _aتنظيم مجلس الدولة
650 1 4 _aالقانون الإداري
856 4 0 _uhttps://fll.law.cu.edu.eg/fulltext/bks/B07-03421.pdf
905 _a32
942 _2ddc
_cBK
_e21
_n0
999 _c65938
_d65938